| 000 | 00873nam a2200229 a 4500 | ||
|---|---|---|---|
| 001 | 000036587 | ||
| 005 | 20200930075820.0 | ||
| 008 | 120120s1988 sp 000 0 spa d | ||
| 020 | _a8431104570 | ||
| 040 |
_aDO-SdBNP _bspa _cBNPHU |
||
| 245 | 0 | 0 |
_aNutrición artificial del adulto en reanimación / _cbajo la dirección de G. François y A. Artigas, con la colaboración de J.P. Auffray ... [et al.]. |
| 260 |
_aBarcelona : _bMasson, _c1988. |
||
| 300 |
_a215 p. ; _c25 cm. |
||
| 490 |
_aColección de médicina intensiva y anestesiología _v5 |
||
| 500 | _aIncluye índice | ||
| 504 | _aBibliografia : | ||
| 534 | _aNutrition artificielle de l'adulte en réanimation | ||
| 700 | 1 |
_aFrançois, Georges, _eed. _962857 |
|
| 700 | 1 |
_aArtigas, A. _eed. _962858 |
|
| 700 | 1 |
_aAuffray, J. P. _962859 |
|
| 830 | 0 |
_aColección de médicina intensiva y anestesiología _v5 _962860 |
|
| 999 |
_c36078 _d36078 |
||